000 00791nam a22002417a 4500
999 _c547
_d547
003 AR-CdUCM
008 190225b ||||| |||| 00| 0 spa d
040 _aMUNICIPALIDAD PROVINCIAL DEL CUSCO
_cBIBLIOTECA MUNICIPAL DEL CUSCO
041 _hrus
082 _21ed.
_a891.4 /
_bSH47
100 _aSholojov, Mijail / Andresco, Victor / traductor )
_92131
245 _aLucharon por la Patria /
_cSholojov, Mijail
260 _aBarcelona :
_bEdiciones Martinez Roca,
_c1966.
300 _a244 paginas ;
_c25cm.
505 _aGuerra mundial -- unión Soviética -- Novelas
650 _aNovelas rusas
_92132
650 _aSiglo XX
_98
650 _aGuerra mundial
_91395
650 _a1939 - 1945
_92133
700 _aAndresco, Victor
_92134
942 _2ddc
_cLIBROS
945 _apjha
_d2019-02-25